Complete Guide To Needlework (Record no. 325856)
[ view plain ]
| 000 -LEADER | |
|---|---|
| fixed length control field | 00298 a2200121 4500 |
| 001 - CONTROL NUMBER | |
| control field | 90783 |
| 082 ## - DEWEY DECIMAL CLASSIFICATION NUMBER | |
| Classification number | 646.2042 REA |
| 090 ## - LOCALLY ASSIGNED LC-TYPE CALL NUMBER (OCLC); LOCAL CALL NUMBER (RLIN) | |
| -- | 42956 |
| -- | 42956 |
| 100 ## - MAIN ENTRY--PERSONAL NAME | |
| Personal name | Reader's Digest |
| 245 ## - TITLE STATEMENT | |
| Title | Complete Guide To Needlework |
| Statement of responsibility, etc. | Reader's Digest |
| 260 ## - PUBLICATION, DISTRIBUTION, ETC. | |
| Place of publication, distribution, etc. | U.K |
| Name of publisher, distributor, etc. | Readers Digest |
| Date of publication, distribution, etc. | 1991 |
| 300 ## - PHYSICAL DESCRIPTION | |
| Extent | 504p |
| 942 ## - ADDED ENTRY ELEMENTS (KOHA) | |
| Institution code [OBSOLETE] | NUST-CAE |
| Call number prefix | 646.2042 REA |
| Withdrawn status | Lost status | Damaged status | Not for loan | Collection code | Permanent Location | Current Location | Date acquired | Total Checkouts | Full call number | Barcode | Date last seen | Price effective from | Koha item type |
|---|---|---|---|---|---|---|---|---|---|---|---|---|---|
| College of Aeronautical Engineering (CAE) | College of Aeronautical Engineering (CAE) | 04/03/2017 | 646.2042 REA | CAE80092 | 04/05/2017 | 04/05/2017 | Book |
